00287nam a2200097Ia 45000010005000000080041000050820015000461000019000612450092000802600017001721280241024s9999 xx 000 0 und d a371.1/J12m aJabif, Liliana 0aModulos de formación en competencias para la gestión escolar en contexto de pobreza bUNESCOc2004